000 00497nam a2200205Ia 4500
008 210210b1938 xxu||||| |||| 00| 0 eng d
041 _aeng
082 _a336/57
100 _aCLAPHAM (J H)
245 _aEconomic history of modern Britain 1887-1914
260 _aCambridge
_bAt the University Press
_c1938
650 _aof
650 _amodern
650 _ahistory
650 _aEconomic
650 _aBritain
650 _a1887-1914
690 _aEconomic History
906 _a004794
999 _c128319
_d128319